000 00622nam a22002177a 4500
003 PILC
005 20160114105031.0
008 130911t xxu||||| |||| 00| 0 eng d
020 _a0671027875
050 _aPZ 7
_b.K26n150 1999
082 _aFIC
_bK25nm #150
100 _aKeene, Carolyn
_94653
245 _aMystery at moorsea manor
_cCarolyn Keene.
260 _aNew York :
_bPocket books,
_cc1999.
300 _a148 p. ;
_c20 cm.
440 _aNancy Drew mystery stories
_n#150
_918435
650 _aAdventure and adventures
_94244
650 _aMystery stories
_95221
942 _2lcc
_cBK
999 _c10966
_d10966